000 00556nam a2200217Ia 4500
005 20250326144455.0
008 250326s9999 xx 000 0 und d
020 _a978-0-19-806085-7
037 _aTextbook
040 _aFMSL
_beng
_cFMSL
041 _aeng
_2eng
084 _aX415:8H(Z6).44 P9
_qFMSL
100 _aKumar Sudhir
245 0 _aBankruptcy to billions
_cKumar Sudhir
260 _c2009
300 _a207p
365 _b495
650 _aMarketing
942 _cTB
_hX415:8H(Z6).44 P9
999 _c1303831
_d1303831